000 00963cam a22002535a 4500
005 20081020032651.0
008 081003s2008 ii ab b 001 0 eng
010 _aENG-92630
020 _c60.00
_a9788183640374
035 _aEN-76163
037 _bDBAD / PUB
040 _adpl
_bEnglish
082 _aN
100 _aChattopadhyay, Saratchandra
245 _aPointing the path /
_cby Saratchandra Chattopadhyay; translated from the Bengali by Jadu Saha
260 _aDelhi
_bAnshah Publishing House,
_c2008
270 _a115-A, Vikas Marg, Shakarpur,
_bDelhi
_e110092
300 _axiii, 48p.
_c22cm (pbk)
600 _aChattopadhyay, Saratchandra ,1876-1938.
_xPathanirdesa
_xEnglish
650 _aBengali fiction
_xTranslated into English.
700 _aSaha, Jadu
942 _2ddc
_cEN
_mCHA
_hN
999 _c22492
_d22492